Tết xứ Quảng

Sưu tầm, nghiên cứu lễ hội tết xứ Quảng nhằm làm sáng tỏ tinh thần nhân văn cao cả trong mỗi phong tục, tập quán của những ngày tết trên đất Quảng Nam - Đà Nẵng , đồng thời làm sáng tỏ giá trị lễ hội ở vùng đất miền Trung. Mặt khác c...

Descripció completa

Guardat en:
Dades bibliogràfiques
Autor principal: Võ, Văn Hoè
Format: Llibre
Idioma:Undetermined
Publicat: Hà Nội Dân Trí 2011
Matèries:
Etiquetes: Afegir etiqueta
Sense etiquetes, Sigues el primer a etiquetar aquest registre!
Thư viện lưu trữ: Trung tâm Học liệu Trường Đại học Cần Thơ
LEADER 01210nam a2200205Ia 4500
001 CTU_170506
008 210402s9999 xx 000 0 und d
082 |a 394.2614 
082 |b H420 
100 |a Võ, Văn Hoè 
245 0 |a Tết xứ Quảng 
245 0 |c Võ Văn Hoè 
260 |a Hà Nội 
260 |b Dân Trí 
260 |c 2011 
520 |a Sưu tầm, nghiên cứu lễ hội tết xứ Quảng nhằm làm sáng tỏ tinh thần nhân văn cao cả trong mỗi phong tục, tập quán của những ngày tết trên đất Quảng Nam - Đà Nẵng , đồng thời làm sáng tỏ giá trị lễ hội ở vùng đất miền Trung. Mặt khác còn chống lại tàn dư văn hoá lạc hậu lai căng, biến tướng nhằm góp phần bảo vệ và xây dựng nền văn hoá Việt Nam tiên tiến, đậm đà bản sắc dân tộc. 
650 |a Vietnamese New Year,Tết Việt Nam 
650 |z Vietnam,Quảng Nam (Province),Việt Nam,Tỉnh Quảng Nam 
904 |i Trâm, Năm 
980 |a Trung tâm Học liệu Trường Đại học Cần Thơ